Ticket to Ride Europe - Statistics

General Stats
  • This quiz has been taken 655 times
  • The average score is 35 of 47
Answers on the Map
Answers color-coded by a green-red scale on the quiz's map according to % correct below.
 
Answer Stats
City % Correct
London
98%
Paris
98%
Lisboa
96%
Roma
96%
Amsterdam
95%
Berlin
95%
Madrid
95%
Edinburgh
93%
Bruxelles
92%
Moskva
92%
Stockholm
91%
Athina
89%
Constantinople
89%
Kobenhavn
89%
Budapest
86%
Munchen
86%
Barcelona
85%
Marseille
85%
Venezia
85%
Warszawa
85%
Wien
85%
Kyiv
83%
Petrograd
83%
Angora
82%
Bucuresti
82%
Frankfurt
82%
Sofia
82%
Zurich
81%
Zagrab
78%
Riga
77%
Palermo
76%
Danzig
73%
Brest
68%
Sarajevo
68%
Smyrna
64%
Sevastopol
58%
Sochi
56%
Cadiz
49%
Rostov
48%
Essen
46%
Kharkov
43%
Pamplona
42%
Wilno
39%
Brindisi
34%
Smolensk
32%
Dieppe
23%
Erzurum
22%
No matching quizzes found
Score Distribution
Percent of People with Each Score
Percentile by Number Answered
Your Score History
You have not taken this quiz